Random Country Coins by Picture - Statistics

General Stats
  • This quiz has been taken 2,495 times
    1,228 since last reset
  • The average score is 7 of 15
Answer Stats
Picture Answer % Correct
United States
97%
France
95%
Germany
94%
China
91%
Greece
91%
Russia
90%
New Zealand
89%
South Korea
85%
Australia
81%
Venezuela
81%
Vietnam
79%
Ukraine
78%
Indonesia
77%
Senegal
77%
Switzerland
77%
Brazil
76%
Israel
76%
Mexico
75%
Norway
75%
Canada
71%
Taiwan
70%
Iceland
69%
Haiti
68%
Sri Lanka
68%
Japan
67%
Poland
66%
India
65%
Mongolia
65%
Netherlands
65%
Thailand
65%
Oman
63%
Denmark
62%
Saudi Arabia
62%
Malaysia
61%
Portugal
60%
Romania
60%
Egypt
59%
Italy
59%
Serbia
59%
Guatemala
58%
Maldives
57%
Vanuatu
57%
Kenya
56%
United Arab Emirates
56%
Democratic Republic of the Congo
54%
Hungary
54%
Peru
53%
Laos
52%
Uzbekistan
52%
Belarus
51%
Morocco
51%
Sweden
50%
Bulgaria
49%
Spain
49%
Afghanistan
47%
Syria
47%
Bangladesh
46%
Tanzania
46%
Botswana
44%
Philippines
44%
Ethiopia
43%
Iran
43%
Czech Republic
42%
Myanmar
42%
Finland
41%
Iraq
41%
Armenia
38%
Honduras
38%
Panama
38%
Lithuania
37%
Nepal
37%
Georgia
36%
Costa Rica
35%
Pakistan
35%
Cambodia
34%
Libya
33%
Argentina
32%
Papua New Guinea
32%
Paraguay
32%
South Africa
32%
Tonga
32%
Tunisia
32%
Belgium
31%
Bolivia
31%
Colombia
30%
Kazakhstan
30%
Angola
29%
Jordan
29%
Ireland
28%
Sudan
28%
Turkey
28%
Mauritania
27%
Azerbaijan
26%
Uruguay
26%
Algeria
25%
Bahamas
24%
Cuba
22%
Madagascar
22%
Mozambique
22%
Estonia
21%
Nigeria
21%
Zambia
21%
Belize
20%
Eritrea
19%
Namibia
18%
Barbados
17%
Ghana
17%
Jamaica
17%
Liechtenstein
17%
Somalia
17%
Cyprus
16%
Cameroon
13%
Mali
10%
Samoa
9%
Eswatini
8%
Cape Verde
7%
Burundi
6%
Kiribati
6%
Gabon
5%
Liberia
4%
No matching quizzes found
Score Distribution
Percent of People with Each Score
Percentile by Number Answered
Your Score History
You have not taken this quiz since the last reset